[Event "Asia-ch Blitz U20 Girls"]
[Site "Jamshedpur"]
[Date "2023.09.15"]
[Round "8"]
[White "Aanya, Chawat"]
[Black "Modipalli, Deekshitha"]
[Result "0-1"]
[WhiteElo "1263"]
[BlackElo "1094"]
[PlyCount "94"]
[EventDate "2023.09.15"]
[EventType "swiss (blitz)"]
[EventRounds "9"]
[EventCountry "IND"]
[SourceTitle "EXT 2024"]
[Source "ChessBase"]
[SourceDate "2023.10.10"]
[SourceVersion "1"]
[SourceVersionDate "2023.10.10"]
[SourceQuality "1"]

1. d4 Nf6 2. Bf4 d5 3. e3 c5 4. Nf3 Nc6 5. c3 Bf5 6. Nbd2 Qb6 7. Qc1 e6 8. Be2 h6 9. h3 Be7 10. Ne5 0-0 11. g4 Bh7 12. h4 Nxe5 13. dxe5 Ne4 14. Nxe4 Bxe4 15. f3 Bh7 16. g5 h5 17. Bg3 Rac8 18. Bf2 Qc7 19. f4 Be4 20. Rg1 g6 21. Bd1 b5 22. Bc2 Rfd8 23. Bxe4 dxe4 24. Qc2 Rd3 25. Rd1 Rcd8 26. Ke2 c4 27. Qc1 Bc5 28. Rxd3 Rxd3 29. Rd1 Qd7 30. Qc2 Qd5 31. a3 a5 32. Qc1 Qc6 33. Rxd3 exd3+ 34. Kd2 Qf3 35. Qe1 b4 36. axb4 axb4 37. Bg3 Qg2+ 38. Bf2 Qf3 39. Bg3 bxc3+ 40. bxc3 Qg2+ 41. Bf2 Qb7 42. Qc1 Qb3 43. Ke1 Ba3 44. Qd2 Bb2 45. Kf1 Bxc3 46. Qc1 d2 47. Qxd2 Bxd2 0-1

[Event "Asia-ch Blitz U20 Girls"]
[Site "Jamshedpur"]
[Date "2023.09.15"]
[Round "2"]
[White "Ahmed, Walijah"]
[Black "Aanya, Chawat"]
[Result "1-0"]
[WhiteElo "1847"]
[BlackElo "1263"]
[PlyCount "75"]
[EventDate "2023.09.15"]
[EventType "swiss (blitz)"]
[EventRounds "9"]
[EventCountry "IND"]
[SourceTitle "EXT 2024"]
[Source "ChessBase"]
[SourceDate "2023.10.10"]
[SourceVersion "1"]
[SourceVersionDate "2023.10.10"]
[SourceQuality "1"]

1. e4 e5 2. Nf3 Nc6 3. Bb5 a6 4. Ba4 Nf6 5. 0-0 Be7 6. Re1 b5 7. Bb3 d6 8. c3 0-0 9. h3 Na5 10. Bc2 c5 11. d4 cxd4 12. cxd4 Qc7 13. Nbd2 Bb7 14. Nf1 Rac8 15. Bb1 Rfe8 16. Ng3 h6 17. d5 Rb8 18. Nf5 Bf8 19. Nh2 Bc8 20. Ng4 Bxf5 21. Nxf6+ gxf6 22. exf5 Kh7 23. Be4 Bg7 24. Qh5 Nc4 25. b3 Nb6 26. Bf3 Qd7 27. Re4 Nxd5 28. Rg4 Nf4 29. Bxf4 exf4 30. Rxf4 Re5 31. Rd1 Rbe8 32. Kh2 Qc7 33. Rh4 d5 34. g3 Qc2 35. Kg2 Qxa2 36. Qxf7 R8e7 37. Rxh6+ Kxh6 38. Qh5# 1-0

[Event "Asia-ch Blitz U20 Girls"]
[Site "Jamshedpur"]
[Date "2023.09.15"]
[Round "7"]
[White "Prachi, Yadav"]
[Black "Aanya, Chawat"]
[Result "0-1"]
[WhiteElo "1118"]
[BlackElo "1263"]
[PlyCount "66"]
[EventDate "2023.09.15"]
[EventType "swiss (blitz)"]
[EventRounds "9"]
[EventCountry "IND"]
[SourceTitle "EXT 2024"]
[Source "ChessBase"]
[SourceDate "2023.10.10"]
[SourceVersion "1"]
[SourceVersionDate "2023.10.10"]
[SourceQuality "1"]

1. e4 e5 2. Nf3 Nc6 3. Bb5 a6 4. Bxc6 dxc6 5. d3 f6 6. Be3 Ne7 7. 0-0 Bg4 8. h3 Bh5 9. g4 Bf7 10. Nc3 b6 11. Nd2 c5 12. f4 Nc6 13. f5 Nd4 14. Ne2 Bd6 15. c3 Nxe2+ 16. Qxe2 Qd7 17. Rad1 h5 18. g5 fxg5 19. Bxg5 Be7 20. Bxe7 Qxe7 21. Qg2 0-0-0 22. Nf3 g6 23. Ng5 gxf5 24. Rxf5 Be6 25. Rf3 Rdg8 26. Rg3 h4 27. Kh1 hxg3 28. Nxe6 Qxe6 29. Kg1 Rxh3 30. Rf1 Qh6 31. Re1 Rh8 32. Kf1 Qf4+ 33. Kg1 Rh2 0-1

[Event "Asia-ch U20 Girls"]
[Site "Jamshedpur"]
[Date "2023.09.14"]
[Round "8"]
[White "Aanya, Chawat"]
[Black "Divya"]
[Result "0-1"]
[WhiteElo "1241"]
[BlackElo "1215"]
[PlyCount "96"]
[EventDate "2023.09.09"]
[EventType "swiss"]
[EventRounds "9"]
[EventCountry "IND"]
[SourceTitle "EXT 2024"]
[Source "ChessBase"]
[SourceDate "2023.10.10"]
[SourceVersion "1"]
[SourceVersionDate "2023.10.10"]
[SourceQuality "1"]

1. d4 d5 2. Nf3 Nf6 3. Bf4 Bf5 4. e3 e6 5. Ne5 Bd6 6. Be2 h6 7. Nd2 Nbd7 8. c3 0-0 9. g4 Bh7 10. h4 Ne4 11. Nxe4 dxe4 12. g5 f6 13. gxf6 Rxf6 14. Bh5 Qe7 15. Rg1 Kh8 16. Qg4 Bf5 17. Qg3 b5 18. Qh2 a5 19. Bg5 Raf8 20. Qh1 Nxe5 21. dxe5 Bxe5 22. Bxf6 Qxf6 23. 0-0-0 b4 24. f4 exf3 25. Qxf3 Qe7 26. Rdf1 bxc3 27. e4 cxb2+ 28. Kb1 c5 29. exf5 exf5 30. Qd3 Qxh4 31. Rxf5 Bf6 32. Rxc5 Qf2 33. Rf1 Qxc5 34. Be2 Rc8 35. Qd1 Qc1+ 36. Qxc1 Rxc1+ 37. Rxc1 bxc1Q+ 38. Kxc1 g5 39. Bh5 Kg7 40. Kd2 Bb2 41. Kd3 Kf6 42. Ke4 a4 43. Be8 a3 44. Bh5 Bc1 45. Be8 g4 46. Bb5 Kg5 47. Bf1 h5 48. Kd3 Kf4 0-1

[Event "Asia-ch Rapid U20 Girls"]
[Site "Jamshedpur"]
[Date "2023.09.08"]
[Round "7"]
[White "Aanya, Chawat"]
[Black "Sanchita, Yadav"]
[Result "1/2-1/2"]
[WhiteElo "1265"]
[BlackElo "1171"]
[PlyCount "128"]
[EventDate "2023.09.08"]
[EventType "swiss (rapid)"]
[EventRounds "9"]
[EventCountry "IND"]
[SourceTitle "EXT 2024"]
[Source "ChessBase"]
[SourceDate "2023.10.10"]
[SourceVersion "1"]
[SourceVersionDate "2023.10.10"]
[SourceQuality "1"]

1. d4 d5 2. Bf4 e6 3. e3 Bd6 4. Bg3 Nf6 5. Nf3 Qe7 6. c3 c6 7. Nbd2 Nbd7 8. Bd3 e5 9. dxe5 Nxe5 10. Nxe5 Bxe5 11. Nf3 Bd6 12. Qc2 Bg4 13. Nd4 Bc5 14. h3 Bd7 15. Nf5 Bxf5 16. Bxf5 Bd6 17. Bxd6 Qxd6 18. 0-0-0 g6 19. Bd3 0-0-0 20. Qa4 Kb8 21. Bc2 Qc5 22. Kb1 Rhe8 23. Rhe1 Qb6 24. Qf4+ Ka8 25. Qxf6 Qc7 26. e4 Re6 27. Qf3 Rde8 28. Re3 dxe4 29. Rxe4 f5 30. Rxe6 Rxe6 31. Bb3 Re7 32. Qd3 a6 33. Kc2 Ka7 34. Rd2 Re1 35. Re2 Rh1 36. Qd4+ c5 37. Qd5 f4 38. f3 Kb6 39. Qe6+ Ka7 40. Qf7 Qd6 41. Qd5 Qc7 42. Qe5 Qc8 43. Qxf4 Qd7 44. Qd2 Qf5+ 45. Qd3 Rc1+ 46. Kxc1 Qxd3 47. Rd2 Qf1+ 48. Kc2 Qb5 49. Bg8 h6 50. Bf7 g5 51. b3 Qc6 52. Bd5 Qf6 53. c4 Qa1 54. Kd3 Qf1+ 55. Kc3 Qc1+ 56. Kd3 Qf1+ 57. Kc3 Qa1+ 58. Kd3 Qd4+ 59. Kc2 Qa1 60. Kd3 Qb1+ 61. Ke3 Qc1 62. Kd3 Qf1+ 63. Kc3 Qe1 64. Kd3 Qb1+ 1/2-1/2

[Event "IND-ch U15 Girls 38th"]
[Site "New Delhi"]
[Date "2022.12.03"]
[Round "9"]
[White "Aanya, Chawat"]
[Black "Shybi, Binoj"]
[Result "0-1"]
[WhiteElo "1287"]
[BlackElo "1498"]
[PlyCount "88"]
[EventDate "2022.11.28"]
[EventType "swiss"]
[EventRounds "11"]
[EventCountry "IND"]
[SourceTitle "CBM 211 Extra"]
[Source "ChessBase"]
[SourceDate "2023.01.31"]
[SourceVersion "1"]
[SourceVersionDate "2023.01.31"]
[SourceQuality "1"]

1. d4 d5 2. Bf4 Bf5 3. e3 Nf6 4. Nf3 e6 5. Ne5 Bd6 6. Be2 0-0 7. Nd2 Nc6 8. c3 Bxe5 9. dxe5 Nd7 10. g4 Bg6 11. h4 Ndxe5 12. Bxe5 Nxe5 13. h5 Bd3 14. f4 Bxe2 15. Qxe2 Nc6 16. 0-0-0 f5 17. g5 Qe7 18. h6 g6 19. Nb3 a6 20. Nd4 e5 21. Nxc6 bxc6 22. Qd3 Rfe8 23. Rhe1 Rab8 24. Qxa6 Rb6 25. Qf1 Ra8 26. a3 Rxa3 27. Rd2 Ra1+ 28. Kc2 Ra2 29. Rb1 Qa3 30. Kc1 Ra1 31. Qd3 Qa2 32. Rxa1 Qxa1+ 33. Qb1 Qxb1+ 34. Kxb1 Kf7 35. Kc2 Ke6 36. Rd1 Ra6 37. Kb3 c5 38. Kc2 Ra4 39. Rf1 Re4 40. Kd2 d4 41. cxd4 cxd4 42. exd4 Rxd4+ 43. Ke3 Re4+ 44. Kd3 Rxf4 0-1